Základní MARC

Záznam Personal Name

Počet záznamů používajících tuto autoritu: 1

001 - CONTROL NUMBER

  • control field: 20730

003 - CONTROL NUMBER IDENTIFIER

  • control field: ABG508

005 - DATE AND TIME OF LATEST TRANSACTION

  • control field: 20260428123433.0

008 - FIXED-LENGTH DATA ELEMENTS

  • fixed length control field: 260428|| aca||aabn | a|a d

040 ## - CATALOGING SOURCE

  • Original cataloging agency: ABG508
  • Transcribing agency: ABG508

100 ## - HEADING--PERSONAL NAME

  • Personal name: Nezvedová, Kristýna

670 ## - SOURCE DATA FOUND

  • Source citation: Work cat.: (ABG508)34230: Nezvedová, Kristýna ill, Včelí úl :

Používáme knihovní systém Koha